[Event "Santa Fe Litoral op 2nd"]
[Site "Santa Fe"]
[Date "2022.11.13"]
[Round "7"]
[White "Fernandez, Raul Conrado"]
[Black "Dib, Nadir"]
[Result "1-0"]
[WhiteElo "1889"]
[BlackElo "1722"]
[PlyCount "73"]
[EventDate "2022.11.10"]
[EventType "swiss"]
[EventRounds "7"]
[EventCountry "ARG"]
[SourceTitle "CBM 211 Extra"]
[Source "ChessBase"]
[SourceDate "2023.01.31"]
[SourceVersion "1"]
[SourceVersionDate "2023.01.31"]
[SourceQuality "1"]

1. d4 Nf6 2. Bf4 g6 3. Nc3 d5 4. e3 Bg7 5. Nf3 0-0 6. Be2 c5 7. dxc5 Nc6 8. 0-0 Nh5 9. Bg5 h6 10. Bh4 g5 11. Nd4 Nf6 12. Bg3 Re8 13. Nxc6 bxc6 14. Be5 Qa5 15. Qd4 Bf5 16. Bd3 Bxd3 17. cxd3 Rab8 18. Bxb8 Rxb8 19. Qa4 Qxc5 20. d4 Qd6 21. Qxa7 Rxb2 22. Rab1 Rc2 23. Qb8+ Qxb8 24. Rxb8+ Kh7 25. Rb3 e5 26. h3 exd4 27. exd4 Nh5 28. Rd1 Nf4 29. Nb1 Bxd4 30. Rd2 Rc1+ 31. Kh2 Be5 32. g3 Ne6 33. Rb7 Nd4 34. Kg2 Kg6 35. a4 c5 36. a5 Nc6 37. Rb6 1-0

[Event "Santa Fe Litoral op 2nd"]
[Site "Santa Fe"]
[Date "2022.11.12"]
[Round "4"]
[White "Fernandez, Raul Conrado"]
[Black "Bona, Luca Jesus"]
[Result "1-0"]
[WhiteElo "1889"]
[BlackElo "1451"]
[PlyCount "81"]
[EventDate "2022.11.10"]
[EventType "swiss"]
[EventRounds "7"]
[EventCountry "ARG"]
[SourceTitle "CBM 211 Extra"]
[Source "ChessBase"]
[SourceDate "2023.01.31"]
[SourceVersion "1"]
[SourceVersionDate "2023.01.31"]
[SourceQuality "1"]

1. d4 Nf6 2. Bf4 d5 3. e3 c5 4. c3 Qb6 5. Qc2 Nc6 6. Nd2 Bg4 7. Ngf3 e6 8. Bd3 Rc8 9. Qb1 Be7 10. h3 Bh5 11. 0-0 0-0 12. Ne5 Bg6 13. Nxg6 hxg6 14. Nf3 c4 15. Bc2 Qa5 16. Re1 b5 17. a3 Qb6 18. Nd2 a5 19. a4 b4 20. e4 Bd8 21. e5 Nd7 22. Qc1 Rb8 23. Nf3 Be7 24. Qd2 Qc7 25. Bg5 bxc3 26. bxc3 Rb2 27. Re2 Rfb8 28. Qf4 Nf8 29. g4 R8b3 30. Bxe7 Qxe7 31. Qc1 Rb6 32. Kg2 Nh7 33. h4 Nd8 34. h5 gxh5 35. Bxh7+ Kxh7 36. Rxb2 Rxb2 37. Qxb2 hxg4 38. Rh1+ Kg8 39. Nd2 Qg5 40. Qb5 Kf8 41. Rh8+ 1-0

[Event "Santa Fe Rafaela U2200 op"]
[Site "Santa Fe"]
[Date "2019.05.04"]
[Round "2.8"]
[White "Fernandez, Raul Conrado"]
[Black "Nardi, Hector Fernando"]
[Result "1-0"]
[WhiteElo "1858"]
[BlackElo "1548"]
[PlyCount "73"]
[EventDate "2019.05.04"]
[EventType "swiss"]
[EventRounds "6"]
[EventCountry "ARG"]
[SourceTitle "EXT 2024"]
[Source "ChessBase"]
[SourceDate "2023.10.10"]
[SourceVersion "1"]
[SourceVersionDate "2023.10.10"]
[SourceQuality "1"]

1. d4 d5 2. Bf4 Bf5 3. e3 e6 4. Nd2 Nf6 5. c4 Bd6 6. Bg3 0-0 7. c5 Be7 8. b4 Ne4 9. Ngf3 Bg6 10. Ne5 Nd7 11. Nxg6 fxg6 12. Nxe4 dxe4 13. Bc4 c6 14. Bxe6+ Kh8 15. 0-0 Nf6 16. Qc2 a6 17. Rad1 a5 18. a3 axb4 19. axb4 Ra3 20. Rb1 Qa8 21. Bc7 Nd5 22. Ba5 Bd8 23. Qb2 Rd3 24. Ra1 Bxa5 25. Rxa5 Qe8 26. Bxd5 cxd5 27. Rfa1 Qf7 28. h3 h6 29. Ra7 Qc7 30. b5 Rb8 31. Qa2 Re8 32. Qa5 Qxa5 33. R1xa5 b6 34. Ra8 Rxa8 35. Rxa8+ Kh7 36. c6 Rc3 37. Rb8 1-0

[Event "Santa Fe Rafaela U2200 op"]
[Site "Santa Fe"]
[Date "2019.05.04"]
[Round "1.9"]
[White "Hilgert, Gonzalo"]
[Black "Fernandez, Raul Conrado"]
[Result "0-1"]
[WhiteElo "1417"]
[BlackElo "1858"]
[PlyCount "104"]
[EventDate "2019.05.04"]
[EventType "swiss"]
[EventRounds "6"]
[EventCountry "ARG"]
[SourceTitle "EXT 2024"]
[Source "ChessBase"]
[SourceDate "2023.10.10"]
[SourceVersion "1"]
[SourceVersionDate "2023.10.10"]
[SourceQuality "1"]

1. e4 c5 2. c3 d5 3. exd5 Qxd5 4. d4 Nf6 5. Nf3 Bg4 6. Be2 e6 7. h3 Bh5 8. c4 Qd6 9. dxc5 Qxd1+ 10. Bxd1 Bxc5 11. Nc3 Nc6 12. Bf4 0-0 13. 0-0 Bg6 14. Be2 Nd4 15. Nxd4 Bxd4 16. Rac1 h6 17. Rfd1 e5 18. Bg3 Ne4 19. Nxe4 Bxe4 20. Rd2 f5 21. b3 f4 22. Bh2 a5 23. Bd3 Bc6 24. Be2 Rf6 25. Bg4 Kh7 26. Rcd1 g6 27. Rd3 h5 28. Bf3 Bxf3 29. Rxf3 g5 30. Rfd3 g4 31. hxg4 hxg4 32. Kf1 Raf8 33. f3 Rh6 34. Bg1 Rh1 35. Rxd4 exd4 36. Rxd4 g3 37. Rd7+ Kg6 38. Rd1 Re8 39. Rd6+ Kf5 40. Rd5+ Re5 41. Rd1 Ke6 42. a3 Re3 43. b4 Rxa3 44. bxa5 Rxa5 45. c5 Rxc5 46. Re1+ Kd5 47. Ra1 Kc6 48. Rb1 b5 49. Rd1 b4 50. Ke2 Rc2+ 51. Kd3 Rxg2 52. Rc1+ Kb7 0-1

[Event "San Justo op"]
[Site "San Justo"]
[Date "2019.04.13"]
[Round "3.2"]
[White "Hevia, Lautaro"]
[Black "Fernandez, Raul Conrado"]
[Result "1-0"]
[WhiteElo "1678"]
[BlackElo "1867"]
[PlyCount "85"]
[EventDate "2019.04.13"]
[EventType "swiss"]
[EventRounds "6"]
[EventCountry "ARG"]
[SourceTitle "EXT 2024"]
[Source "ChessBase"]
[SourceDate "2023.10.10"]
[SourceVersion "1"]
[SourceVersionDate "2023.10.10"]
[SourceQuality "1"]

1. d4 Nf6 2. c4 e5 3. dxe5 Ng4 4. Bf4 Nc6 5. Nf3 Bb4+ 6. Nc3 Qe7 7. Qd5 d6 8. exd6 cxd6 9. Rd1 Be6 10. Qd3 Nge5 11. Nxe5 dxe5 12. Bd2 0-0 13. g3 Rad8 14. Nd5 Bxd5 15. cxd5 e4 16. Qc4 Bxd2+ 17. Rxd2 e3 18. fxe3 Qxe3 19. Bg2 Ne5 20. Qd4 Qg5 21. 0-0 Rfe8 22. Qf4 Qe7 23. Rfd1 g5 24. Qd4 Rd6 25. Rc1 h5 26. Rdc2 Qf6 27. Qf2 Qg7 28. Rc8 Rxc8 29. Rxc8+ Kh7 30. Qf5+ Ng6 31. Rc7 Kg8 32. Be4 Qd4+ 33. Qf2 Qxf2+ 34. Kxf2 f5 35. Bxf5 Rf6 36. e4 Ne5 37. Kg2 Rb6 38. b3 Ra6 39. a3 Rxa3 40. d6 Ra2+ 41. Kf1 Rd2 42. d7 Kf8 43. Rc8+ 1-0

[Event "Santa Fe Anca op 3rd"]
[Site "Santa Fe"]
[Date "2019.03.23"]
[Round "3"]
[White "Fernandez, Raul Conrado"]
[Black "Sarla, Miyen"]
[Result "1-0"]
[WhiteElo "1857"]
[BlackElo "1520"]
[PlyCount "63"]
[EventDate "2019.03.22"]
[EventType "swiss"]
[EventRounds "6"]
[EventCountry "ARG"]
[SourceTitle "CBM 190 Extra"]
[Source "ChessBase"]
[SourceDate "2019.07.15"]
[SourceVersion "1"]
[SourceVersionDate "2019.07.15"]
[SourceQuality "1"]

1. c4 e5 2. Nc3 Nf6 3. g3 Bc5 4. Bg2 d6 5. b4 Bd4 6. Bb2 c6 7. e3 Bxc3 8. Bxc3 Be6 9. d3 Nbd7 10. Ne2 0-0 11. 0-0 Rc8 12. f4 Ng4 13. Qd2 Qb6 14. Rf3 e4 15. dxe4 Bxc4 16. h3 Ngf6 17. Rf2 d5 18. e5 Nh5 19. Kh2 g6 20. g4 Ng7 21. Ng3 Rfe8 22. Re1 Qc7 23. Ba1 Rcd8 24. Qc3 Re6 25. a4 b5 26. axb5 f6 27. e4 fxe5 28. exd5 Nb6 29. dxe6 exf4 30. Rxf4 Rd3 31. Qf6 Nxe6 32. Qh8# 1-0

[Event "Santa Fe-ch"]
[Site "Santa Fe"]
[Date "2018.09.20"]
[Round "6.1"]
[White "Servat, Roberto"]
[Black "Fernandez, Raul Conrado"]
[Result "1-0"]
[WhiteElo "2440"]
[BlackElo "1843"]
[PlyCount "71"]
[EventDate "2018.09.04"]
[EventType "swiss"]
[EventRounds "7"]
[EventCountry "ARG"]
[SourceTitle "EXT 2024"]
[Source "ChessBase"]
[SourceDate "2023.10.10"]
[SourceVersion "1"]
[SourceVersionDate "2023.10.10"]
[SourceQuality "1"]

1. e4 c5 2. Nf3 g6 3. c3 Bg7 4. d4 cxd4 5. cxd4 d6 6. Nc3 Nf6 7. h3 d5 8. e5 Ne4 9. Bd3 Nxc3 10. bxc3 0-0 11. 0-0 Nd7 12. a4 Nb6 13. Nd2 Be6 14. a5 Nc4 15. Nxc4 dxc4 16. Be4 Bd5 17. Qf3 e6 18. Ba3 Re8 19. Bd6 Bxe4 20. Qxe4 b6 21. axb6 axb6 22. Qb7 Bf8 23. Rxa8 Qxa8 24. Qxb6 Bh6 25. Qb5 Rc8 26. Rb1 Bd2 27. Qb2 Bg5 28. Qb7 Bd2 29. Qb2 Bg5 30. Qe2 h5 31. g3 Bd8 32. h4 Qa5 33. Qf3 Qa4 34. Rb7 Qe8 35. Kh2 Ba5 36. Re7 1-0

[Event "Santa Fe Nelson op"]
[Site "Santa Fe"]
[Date "2018.04.15"]
[Round "6"]
[White "Odasso, Gianluca"]
[Black "Fernandez, Raul Conrado"]
[Result "1/2-1/2"]
[WhiteElo "1704"]
[BlackElo "1729"]
[PlyCount "37"]
[EventDate "2018.04.14"]
[EventType "swiss"]
[EventRounds "6"]
[EventCountry "ARG"]
[SourceTitle "EXT 2019"]
[Source "ChessBase"]
[SourceDate "2018.10.10"]
[SourceVersion "1"]
[SourceVersionDate "2018.10.10"]
[SourceQuality "1"]

1. e4 c5 2. c3 d5 3. exd5 Qxd5 4. d4 e5 5. Nf3 Bg4 6. dxe5 Qxd1+ 7. Kxd1 Bxf3+ 8. gxf3 Nc6 9. f4 0-0-0+ 10. Kc2 f6 11. Bg2 Nge7 12. Rd1 Nd5 13. Na3 Be7 14. Nc4 Nb6 15. Nxb6+ axb6 16. Bxc6 bxc6 17. exf6 Bxf6 18. Be3 Rd5 19. a3 1/2-1/2

[Event "Santa Fe U2000 op 2nd"]
[Site "Santa Fe"]
[Date "2018.03.25"]
[Round "5.3"]
[White "Antoniazzi, Maximiliano"]
[Black "Fernandez, Raul Conrado"]
[Result "1-0"]
[WhiteElo "1915"]
[BlackElo "1732"]
[PlyCount "61"]
[EventDate "2018.03.23"]
[EventType "swiss"]
[EventRounds "6"]
[EventCountry "ARG"]
[SourceTitle "EXT 2024"]
[Source "ChessBase"]
[SourceDate "2023.10.10"]
[SourceVersion "1"]
[SourceVersionDate "2023.10.10"]
[SourceQuality "1"]

1. e4 c5 2. c3 Nf6 3. e5 Nd5 4. d4 cxd4 5. Nf3 e6 6. cxd4 Nc6 7. Bc4 Nb6 8. Bb3 d6 9. 0-0 Be7 10. Nc3 a6 11. Bc2 dxe5 12. dxe5 0-0 13. Qe2 Qc7 14. Qe4 g6 15. Bh6 Re8 16. Rad1 Nd7 17. Rfe1 b6 18. h4 Bb7 19. Qf4 Bf8 20. Ne4 Ncb8 21. Bxf8 Kxf8 22. Neg5 f5 23. Nd4 Bd5 24. Nxh7+ Kg7 25. Nf6 Re7 26. Nxd5 exd5 27. Qg5 Nf8 28. Nxf5+ Kf7 29. Qf6+ Ke8 30. Nxe7 Qxe7 31. Bxg6+ 1-0